Coupes du Monde de Football: Récompenses individuelles - Statistiques

Statistiques générales
  • Ce quiz a été pris 460 fois
    161 depuis la dernière actualisation
  • Le résultat moyen est 22 sur 65
Statistiques - réponses
Réponse % Correct
Kylian Mbappé
97%
Lionel Messi
96%
Ronaldo
92%
Zinedine Zidane
83%
Luka Modric
79%
Emiliano Martínez
78%
Manuel Neuer
78%
Gerd Müller
74%
Pelé
74%
Thomas Müller
74%
Diego Maradona
65%
Harry Kane
64%
Iker Casillas
64%
Miroslav Klose
62%
Thibaut Courtois
61%
Gianluigi Buffon
60%
Fabien Barthez
56%
James Rodriguez
56%
Just Fontaine
54%
Diego Forlan
53%
David Villa
50%
Johan Cruyff
45%
Enzo Fernandez
41%
Franz Beckenbauer
41%
Oliver Kahn
41%
Romario
41%
Bobby Charlton
39%
Paul Pogba
39%
Davor Suker
38%
Garrincha
36%
Wesley Sneijder
33%
Ferenc Puskas
32%
Paolo Rossi
28%
Mario Kempes
27%
Eusebio
26%
Gary Lineker
21%
Hristo Stoichkov
16%
Michael Owen
13%
Sandor Kocsis
13%
Vava
13%
Giuseppe Meazza
11%
Florian Albert
10%
Didi
8%
Leonel Sanchez
8%
Grzegorz Lato
7%
Guillermo Stabile
7%
Oleg Salenko
7%
Salvatore Schillaci
7%
Ademir
6%
Leonidas
6%
Lukas Podolski
4%
Michel Preud'homme
4%
Oldrich Nejedly
4%
Drazen Jerkovic
3%
Manuel Amoros
3%
Teofilo Cubillas
3%
Enzo Scifo
2%
Landon Donovan
2%
Valentin Ivanov
2%
Wladyslaw Zmuda
2%
Antonio Cabrini
1%
Marc Overmars
1%
Robert Prosinecki
1%
Zizinho
1%
José Nasazzi
0%
Aucun quiz correspondant
Distribution des résultats
% des personnes avec chaque résultat
Percentile par nombre de réponses
Votre historique - résultats
Vous n’avez pas pris ce quiz depuis la dernière actualisation